| 000 | 00591na a2200229 4500 | ||
|---|---|---|---|
| 001 | 18760 | ||
| 003 | MIRAKIL | ||
| 005 | 20181213155045.0 | ||
| 008 | 161126b tu 000 0 | ||
| 020 | _a9786056174407 | ||
| 040 |
_aMilas _btur _cTR-AnCHP |
||
| 041 | _atur | ||
| 082 |
_a352 _bK79d 2911 |
||
| 090 | _a352 K79d 2011 | ||
| 100 | _aKöymen, Aydın | ||
| 245 |
_aDemoktatik, etkin, halka dönük belediye _c Aydın Köymen |
||
| 260 |
_aAnkara _bKavaklıderem _c2011 |
||
| 300 |
_a38 s. _c24 sm. |
||
| 650 | _abelediyeler | ||
| 650 | _ademokratik belediye | ||
| 942 |
_2ddc _cBKS |
||
| 999 |
_c5715 _d5715 |
||